000 01489nam a2200373 i 4500
003 EG-GICUC
005 20260121130251.0
008 260120s1979 ua ||||f |||| 00| 0 ara d
017 _a1979/2636
040 _a EG-GICUC
_bara
_c EG-GICUC
_d EG-GICUC
_erda
041 _aara
082 0 4 _221
_a345.4
_bي و . ا
092 0 4 _221
099 _aLaw1 07 345.4 ي و . ا 1979
100 0 _aيوسف سعاده
_eمترجم.
245 1 0 _aاتجاهات جديدة في المحاسبة الإدارية /
_cترجمة يوسف سعاده .
246 _aTopics in Managerial Accounting
264 1 _aالقاهرة :
_bالمنظمة العربية للعلوم الإدارية ،
_c1979 .
300 _a64 ؛ صفحة
_b
_c24 سم
336 _2rda content
_atext
337 _2rda media
_aComputer
338 _2rda carrier
_aOnline Resource
490 _aسلسلة الفكر الإداري المعاصر
_v51
500 _aTopics in Managerial Accounting Second Edition, 1974 Author : L. S. Rosen. Me Grow-Hill Ryerson Limited, 1974
504 _aببليوجرافيا: صفحات 63-64
504 _aيشتمل على إرجاعات ببليوجرافية
650 1 4 _aالوظائف العامة
_2qrmak
650 1 4 _aالقانون الإداري
_2qrmak
651 1 _2qrmak
830 _aسلسلة الفكر الإداري المعاصر
_v51
856 4 0 _uhttps://fll.law.cu.edu.eg/fulltext/bks/B07-00100.pdf
905 _a61
942 _2ddc
_cBK
_e21
_n0
999 _c58302
_d58302